| 000 | 01847cam a22005294i 4500 | ||
|---|---|---|---|
| 003 | PE-LiUPU | ||
| 005 | 20250731173026.0 | ||
| 008 | 150623s r 000 0 d | ||
| 020 | _a0830818952 | ||
| 035 | _a(Sirsi) i9780830818952 | ||
| 040 |
_aPE-LiUPU _bspa _cPE-LiUPU _erda |
||
| 049 | _aPRUA | ||
| 082 | 0 | 4 |
_a264 _bT73 _221 |
| 100 | 1 |
_aTorrance, James B., _eautor. |
|
| 245 | 1 | 0 |
_aWorship, community & the triune God of grace / _cJames B. Torrance. |
| 264 | 1 |
_aDowners Grove, Illinois : _bInterVarsity Press, _c1996. |
|
| 300 |
_a130 páginas : _bilustraciones, gráficos ; _c21 centímetros |
||
| 336 |
_atext _2rdacontent |
||
| 337 |
_aunmediated _2rdamedia |
||
| 338 |
_avolume _2rdacarrier |
||
| 504 | _aIncluye Bibliografía. | ||
| 505 | 0 | _aWorship - Unitarian or Trinitarian?. -The Sole Priesthood of Christ, the Mediator of Worship. -Baptism & the Lord's Supper - The Way of Communnion. -Gender, Sexuality & the Trinity. | |
| 526 | _aSEG42 | ||
| 526 | _aSEG41 | ||
| 526 | _aSEG40 | ||
| 526 | _aSEG39 | ||
| 526 | _aP94 | ||
| 526 | _aP87 | ||
| 526 | _aP86 | ||
| 526 | _aP85 | ||
| 526 | _aP77 | ||
| 526 | _aP76 | ||
| 526 | _aP35 | ||
| 600 | 1 |
_aCristo Jesús _xSacerdocio |
|
| 650 | 0 | 4 | _aAnalogía (Religión). |
| 650 | 0 | 4 | _aCulto público. |
| 650 | 0 | 4 | _aGracia (Teología). |
| 650 | 0 | 4 |
_aSacramentos. _93253 |
| 650 | 0 | 4 | _aSexismo en el lenguaje litúrgico. |
| 650 | 0 | 4 |
_aTrinidad. _93711 |
| 942 |
_2ddc _cBOOK |
||
| 949 |
_a264 T73 _wDEWEY _c1 _i47983 _lCCODEBUL1 _mBUL _r0 _sY _tBOOK _u2015-6-24 _xTEOLOGIA _PP35 _0COMPRA _o.STAFF. Colección General |
||
| 994 |
_aC0 _bPEPRU |
||
| 596 | _a1 | ||
| 999 |
_a264 T73 _wDEWEY _c24459 _i47983 _f2021-11-10 _g5 _lCCODEBUL1 _mBUL _r0 _sY _tBOOK _u2015-6-24 _xTEOLOGIA _PP35 _0COMPRA _o.STAFF. Colección General _d24459 |
||
| 980 |
_81 _gALBERTO SANCHEZ Responsable de Automatización |
||